00369nam a2200109Ia 4500082001200000100002400012245009300036260002700129300001300156650002300169710006700192 aRM.0005 aMohanty, Samarendra 0aSocio-economic background of the convicts :bA survey of the prison population in Orissa c1987bICSSR, New Delhi a6, 196p. aPRISONERS - ORISSA aSambalpur University, Department of Anthropology and Sociology